000 00566nam a22002052 4500
001 0000005170
005 20151217151954.0
008 070607s xx 000 0 eng d
020 _a8120314492 :
_cKES 2,200
040 _aKABU
_cKABU
050 0 _aTK5105.5
_b.D47
100 1 _aDerfler, J. Frank Jr.
_@0000156316
245 1 0 _aUsing networks.
260 _aNew Delhi :
_bPrentice Hall,
_c1998.
300 _avii, 502 p.
650 0 _aComputer networks.
_@0000148214
908 _a070607
950 _@1
999 _c6885
_d6885